| 000 | 00812cam a2200289u 4500 | ||
|---|---|---|---|
| 001 | 6095301 | ||
| 003 | OSt | ||
| 005 | 20150618125851.0 | ||
| 008 | 850306s1961 enk 000 0 eng | ||
| 010 | _a 61065888 | ||
| 040 |
_aDLC _cCarP _dDLC |
||
| 043 | _ae-uk--- | ||
| 050 | 0 | 0 |
_aKD1480.A7 _bN3 1961 |
| 082 |
_221 _a346.05 NAT |
||
| 100 | 1 |
_aMarshall, Oshley Roy _9289 |
|
| 245 | 1 | 0 | _aEquity through the cases. |
| 250 | _a4th ed. | ||
| 260 |
_aLondon, _bStevens, _c1961. |
||
| 300 |
_a682 p. _c26 cm. |
||
| 504 | _aIncludes index | ||
| 650 | 0 |
_aTrusts and trustees _zGreat Britain _vCases. _9290 |
|
| 650 | 0 |
_aEquity _zGreat Britain _vCases. _9291 |
|
| 700 | 1 |
_a. Nathan, Joseph Arnold. _9292 |
|
| 906 |
_a0 _bcbc _cpremunv _du _encip _f19 _gy-gencatlg |
||
| 942 |
_2ddc _cBK |
||
| 999 |
_c109 _d109 |
||